An introduction to terrestrial laser scanning (Record no. 106400)
[ view plain ]
| 000 -LEADER | |
|---|---|
| fixed length control field | 00739cam a2200169 4500 |
| 001 - CONTROL NUMBER | |
| control field | L136466 |
| 008 - FIXED-LENGTH DATA ELEMENTS--GENERAL INFORMATION | |
| fixed length control field | 070201n2006 000 0 eng u |
| 035 ## - SYSTEM CONTROL NUMBER | |
| System control number | (Sirsi) u136466 |
| 041 0# - LANGUAGE CODE | |
| Language code of text/sound track or separate title | eng |
| 110 2# - MAIN ENTRY--CORPORATE NAME | |
| Corporate name or jurisdiction name as entry element | Royal Institution of Chartered Surveyors |
| Subordinate unit | Geomatics Faculty |
| 9 (RLIN) | 4352 |
| 245 #3 - TITLE STATEMENT | |
| Title | An introduction to terrestrial laser scanning |
| Remainder of title | a useful guide from RICS on terrestrial laser scanning - a technique inthe early stages of development |
| 260 ## - PUBLICATION, DISTRIBUTION, ETC. | |
| Place of publication, distribution, etc. | RICS |
| Date of publication, distribution, etc. | 2006 |
| 300 ## - PHYSICAL DESCRIPTION | |
| Extent | 1 |
| Type of unit | folded sheet |
| Dimensions | 44x21cm. |
| 520 ## - SUMMARY, ETC. | |
| Summary, etc. | Provides an overview of the technique, the benefits and current limitations of the use of terrestrial laser scanning and where to go for advice. |
| 690 ## - LOCAL SUBJECT ADDED ENTRY--TOPICAL TERM (OCLC, RLIN) | |
| Topical term or geographic name as entry element | ENVIRONMENTAL AND LAND CONSULTANCY-GEOMATICS |
| 942 ## - ADDED ENTRY ELEMENTS (KOHA) | |
| Suppress in OPAC | 0 |
| Withdrawn status | Lost status | Source of classification or shelving scheme | Damaged status | Not for loan | Home library | Current library | Shelving location | Date acquired | Total Checkouts | Full call number | Barcode | Date last seen | Copy number | Price effective from | Koha item type |
|---|---|---|---|---|---|---|---|---|---|---|---|---|---|---|---|
| Dewey Decimal Classification | London | London | RICS Boxes | 02/02/2007 | RICS 2006/49 | 30073618 | 06/08/2019 | 1 | 06/08/2019 | Archive | |||||
| Dewey Decimal Classification | London | London | RICS Boxes | 02/02/2007 | RICS 2006/49 | 30073619 | 06/08/2019 | 2 | 06/08/2019 | Reference material | |||||
| Dewey Decimal Classification | London | London | RICS Boxes | 02/02/2007 | RICS 2006/49 | 30073621 | 06/08/2019 | 4 | 06/08/2019 | Book |